<?xml version="1.0" encoding="UTF-8"?>
<record
    xmlns:xsi="http://www.w3.org/2001/XMLSchema-instance"
    xsi:schemaLocation="http://www.loc.gov/MARC21/slim http://www.loc.gov/standards/marcxml/schema/MARC21slim.xsd"
    xmlns="http://www.loc.gov/MARC21/slim">

  <leader>00377nam a2200157Ia 4500</leader>
  <datafield tag="100" ind1=" " ind2=" ">
    <subfield code="a">Rashid/Muhammad H </subfield>
  </datafield>
  <datafield tag="650" ind1=" " ind2=" ">
    <subfield code="a">Microelectronics circuits</subfield>
  </datafield>
  <datafield tag="942" ind1=" " ind2=" ">
    <subfield code="c">BK</subfield>
  </datafield>
  <datafield tag="366" ind1=" " ind2=" ">
    <subfield code="f">15</subfield>
  </datafield>
  <datafield tag="654" ind1=" " ind2=" ">
    <subfield code="a">microelectronic</subfield>
  </datafield>
  <datafield tag="245" ind1=" " ind2=" ">
    <subfield code="a">Mircroelectronic circuits:Analysis and design</subfield>
  </datafield>
  <datafield tag="260" ind1=" " ind2=" ">
    <subfield code="b">P.W.S pub co</subfield>
    <subfield code="c">1999</subfield>
  </datafield>
  <datafield tag="082" ind1=" " ind2=" ">
    <subfield code="a">621.3815/RAS</subfield>
    <subfield code="b">RAS</subfield>
  </datafield>
  <datafield tag="300" ind1=" " ind2=" ">
    <subfield code="a">990</subfield>
  </datafield>
  <datafield tag="546" ind1=" " ind2=" ">
    <subfield code="a">ENGLISH</subfield>
  </datafield>
  <datafield tag="999" ind1=" " ind2=" ">
    <subfield code="c">27417</subfield>
    <subfield code="d">27417</subfield>
  </datafield>
  <datafield tag="952" ind1=" " ind2=" ">
    <subfield code="0">0</subfield>
    <subfield code="1">0</subfield>
    <subfield code="4">0</subfield>
    <subfield code="7">0</subfield>
    <subfield code="8">CRC</subfield>
    <subfield code="a">CRCE</subfield>
    <subfield code="b">CRCE</subfield>
    <subfield code="d">2023-03-17</subfield>
    <subfield code="e">Educational books and periodicals</subfield>
    <subfield code="g">392.70</subfield>
    <subfield code="i">108 dt 01/12/2008</subfield>
    <subfield code="l">0</subfield>
    <subfield code="o">621.3815/RAS RAS</subfield>
    <subfield code="p">19121</subfield>
    <subfield code="r">2023-03-17</subfield>
    <subfield code="v">462.00</subfield>
    <subfield code="w">0000-00-00</subfield>
    <subfield code="y">BK</subfield>
  </datafield>
  <datafield tag="952" ind1=" " ind2=" ">
    <subfield code="0">0</subfield>
    <subfield code="1">0</subfield>
    <subfield code="4">0</subfield>
    <subfield code="7">0</subfield>
    <subfield code="8">CRC</subfield>
    <subfield code="a">CRCE</subfield>
    <subfield code="b">CRCE</subfield>
    <subfield code="d">2023-03-17</subfield>
    <subfield code="e">Educational books and periodicals</subfield>
    <subfield code="g">392.70</subfield>
    <subfield code="i">108 dt 01/12/2008</subfield>
    <subfield code="l">0</subfield>
    <subfield code="o">621.3815/RAS RAS</subfield>
    <subfield code="p">19122</subfield>
    <subfield code="r">2023-03-17</subfield>
    <subfield code="v">462.00</subfield>
    <subfield code="w">0000-00-00</subfield>
    <subfield code="y">BK</subfield>
  </datafield>
  <datafield tag="952" ind1=" " ind2=" ">
    <subfield code="0">0</subfield>
    <subfield code="1">0</subfield>
    <subfield code="4">0</subfield>
    <subfield code="7">0</subfield>
    <subfield code="8">CRC</subfield>
    <subfield code="a">CRCE</subfield>
    <subfield code="b">CRCE</subfield>
    <subfield code="d">2023-03-17</subfield>
    <subfield code="e">Educational books and periodicals</subfield>
    <subfield code="g">392.70</subfield>
    <subfield code="i">108 dt 01/12/2008</subfield>
    <subfield code="l">0</subfield>
    <subfield code="o">621.3815/RAS RAS</subfield>
    <subfield code="p">19123</subfield>
    <subfield code="r">2023-03-17</subfield>
    <subfield code="v">462.00</subfield>
    <subfield code="w">0000-00-00</subfield>
    <subfield code="y">BK</subfield>
  </datafield>
  <datafield tag="952" ind1=" " ind2=" ">
    <subfield code="0">0</subfield>
    <subfield code="1">0</subfield>
    <subfield code="4">0</subfield>
    <subfield code="7">0</subfield>
    <subfield code="8">CRC</subfield>
    <subfield code="a">CRCE</subfield>
    <subfield code="b">CRCE</subfield>
    <subfield code="d">2023-03-17</subfield>
    <subfield code="e">Educational books and periodicals</subfield>
    <subfield code="g">392.70</subfield>
    <subfield code="i">108 dt 01/12/2008</subfield>
    <subfield code="l">0</subfield>
    <subfield code="o">621.3815/RAS RAS</subfield>
    <subfield code="p">19124</subfield>
    <subfield code="r">2023-03-17</subfield>
    <subfield code="v">462.00</subfield>
    <subfield code="w">0000-00-00</subfield>
    <subfield code="y">BK</subfield>
  </datafield>
  <datafield tag="952" ind1=" " ind2=" ">
    <subfield code="0">0</subfield>
    <subfield code="1">0</subfield>
    <subfield code="4">0</subfield>
    <subfield code="7">0</subfield>
    <subfield code="8">CRC</subfield>
    <subfield code="a">CRCE</subfield>
    <subfield code="b">CRCE</subfield>
    <subfield code="d">2023-03-17</subfield>
    <subfield code="e">Educational books and periodicals</subfield>
    <subfield code="g">392.70</subfield>
    <subfield code="i">108 dt 01/12/2008</subfield>
    <subfield code="l">0</subfield>
    <subfield code="o">621.3815/RAS RAS</subfield>
    <subfield code="p">19125</subfield>
    <subfield code="r">2023-03-17</subfield>
    <subfield code="v">462.00</subfield>
    <subfield code="w">0000-00-00</subfield>
    <subfield code="y">BK</subfield>
  </datafield>
  <datafield tag="952" ind1=" " ind2=" ">
    <subfield code="0">0</subfield>
    <subfield code="1">0</subfield>
    <subfield code="4">0</subfield>
    <subfield code="7">0</subfield>
    <subfield code="8">CRC</subfield>
    <subfield code="a">CRCE</subfield>
    <subfield code="b">428</subfield>
    <subfield code="d">2023-03-17</subfield>
    <subfield code="e">Educational books and periodicals</subfield>
    <subfield code="g">392.70</subfield>
    <subfield code="i">108 dt 01/12/2008</subfield>
    <subfield code="l">1</subfield>
    <subfield code="o">621.3815/RAS RAS</subfield>
    <subfield code="p">19126</subfield>
    <subfield code="r">2025-12-02</subfield>
    <subfield code="s">2025-09-11</subfield>
    <subfield code="v">462.00</subfield>
    <subfield code="w">0000-00-00</subfield>
    <subfield code="y">BK</subfield>
  </datafield>
  <datafield tag="952" ind1=" " ind2=" ">
    <subfield code="0">0</subfield>
    <subfield code="1">0</subfield>
    <subfield code="4">0</subfield>
    <subfield code="7">0</subfield>
    <subfield code="8">CRC</subfield>
    <subfield code="a">CRCE</subfield>
    <subfield code="b">CRCE</subfield>
    <subfield code="d">2023-03-17</subfield>
    <subfield code="e">Educational books and periodicals</subfield>
    <subfield code="g">392.70</subfield>
    <subfield code="i">108 dt 01/12/2008</subfield>
    <subfield code="l">0</subfield>
    <subfield code="o">621.3815/RAS RAS</subfield>
    <subfield code="p">19127</subfield>
    <subfield code="r">2023-03-17</subfield>
    <subfield code="v">462.00</subfield>
    <subfield code="w">0000-00-00</subfield>
    <subfield code="y">BK</subfield>
  </datafield>
  <datafield tag="952" ind1=" " ind2=" ">
    <subfield code="0">0</subfield>
    <subfield code="1">0</subfield>
    <subfield code="4">0</subfield>
    <subfield code="7">0</subfield>
    <subfield code="8">CRC</subfield>
    <subfield code="a">CRCE</subfield>
    <subfield code="b">CRCE</subfield>
    <subfield code="d">2023-03-17</subfield>
    <subfield code="e">Educational books and periodicals</subfield>
    <subfield code="g">392.70</subfield>
    <subfield code="i">108 dt 01/12/2008</subfield>
    <subfield code="l">0</subfield>
    <subfield code="o">621.3815/RAS RAS</subfield>
    <subfield code="p">19128</subfield>
    <subfield code="r">2023-03-17</subfield>
    <subfield code="v">462.00</subfield>
    <subfield code="w">0000-00-00</subfield>
    <subfield code="y">BK</subfield>
  </datafield>
  <datafield tag="952" ind1=" " ind2=" ">
    <subfield code="0">0</subfield>
    <subfield code="1">0</subfield>
    <subfield code="4">0</subfield>
    <subfield code="7">0</subfield>
    <subfield code="8">CRC</subfield>
    <subfield code="a">CRCE</subfield>
    <subfield code="b">428</subfield>
    <subfield code="d">2023-03-17</subfield>
    <subfield code="e">Educational books and periodicals</subfield>
    <subfield code="g">392.70</subfield>
    <subfield code="i">108 dt 01/12/2008</subfield>
    <subfield code="l">1</subfield>
    <subfield code="o">621.3815/RAS RAS</subfield>
    <subfield code="p">19129</subfield>
    <subfield code="q">2025-11-30</subfield>
    <subfield code="r">2025-09-01</subfield>
    <subfield code="s">2025-09-01</subfield>
    <subfield code="v">462.00</subfield>
    <subfield code="w">0000-00-00</subfield>
    <subfield code="y">BK</subfield>
  </datafield>
  <datafield tag="952" ind1=" " ind2=" ">
    <subfield code="0">0</subfield>
    <subfield code="1">0</subfield>
    <subfield code="4">0</subfield>
    <subfield code="7">0</subfield>
    <subfield code="8">CRC</subfield>
    <subfield code="a">CRCE</subfield>
    <subfield code="b">CRCE</subfield>
    <subfield code="d">2023-03-17</subfield>
    <subfield code="e">Educational books and periodicals</subfield>
    <subfield code="g">392.70</subfield>
    <subfield code="i">108 dt 01/12/2008</subfield>
    <subfield code="l">0</subfield>
    <subfield code="o">621.3815/RAS RAS</subfield>
    <subfield code="p">19130</subfield>
    <subfield code="r">2023-03-17</subfield>
    <subfield code="v">462.00</subfield>
    <subfield code="w">0000-00-00</subfield>
    <subfield code="y">RB</subfield>
  </datafield>
</record>
